[Event "34th Olympiad Women"]
[Site "Istanbul TUR"]
[Date "2000.11.08"]
[Round "11"]
[White "Khan,A"]
[Black "Makropoulou,M"]
[Result "1-0"]
[WhiteElo "2257"]
[BlackElo "2284"]

1.Nf3 d5 2.g3 c6 3.Bg2 Bg4 4.O-O Nd7 5.d4 e6 6.Nbd2 Ngf6 7.Re1 Be7 8.e4 dxe4
9.Nxe4 Nxe4 10.Rxe4 Bh5 11.c3 O-O 12.Re1 Re8 13.Bf4 Nb6 14.Qc1 Nd5 15.Bd2 a5
16.Ne5 Bd6 17.c4 Nb4 18.Qc3 Bxe5 19.Rxe5 Bg6 20.Be1 Re7 21.Re2 Rd7 22.Rd2 Qc7
23.a3 Na6 24.Bf3 Rad8 25.Rdd1 b6 26.Qe3 b5 27.cxb5 cxb5 28.Rac1 Qb6 29.Rc6 Qa7
30.Bxa5 Rb8 31.Bb6 Qxb6 32.Rxb6 Rxb6 33.d5 Rbd6 34.Rc1 h6 35.Rc6 exd5 36.Rxa6 d4
37.Qe8+ Kh7 38.Ra8  1-0

[Event "34th Olympiad Women"]
[Site "Istanbul TUR"]
[Date "2000.11.08"]
[Round "11"]
[White "Alieva,E"]
[Black "Sekulovska,V"]
[Result "1/2-1/2"]
[WhiteElo "2240"]
[BlackElo "2120"]

1.Nf3 d5 2.g3 Nf6 3.Bg2 c5 4.c4 e6 5.O-O dxc4 6.Qa4+ Bd7 7.Qxc4 Bc6 8.Qc2 Nbd7
9.Nc3 Be7 10.b3 Rc8 11.Bb2 O-O 12.d3 h6 13.Rad1 Qc7 14.e4 b5 15.d4 b4 16.d5 bxc3
17.dxc6 cxb2 18.cxd7 Nxd7 19.Qxb2 Bf6 20.Qe2 Rfd8 21.Rc1 Ne5 22.Nxe5 Qxe5
23.Qa6 Qb2 24.Rcd1 Bd4 25.Bf3 Rc7 26.Kg2 Rdc8 27.Rb1 Qd2 28.Rbd1 Qb2 29.Rb1 Qd2
30.Rbd1 Qb2 31.Rb1  1/2-1/2

[Event "Chigorin Mem"]
[Site "St Petersburg RUS"]
[Date "2000.11.08"]
[Round "7"]
[White "Gubernatorov,S"]
[Black "Shalimov,V UKR"]
[Result "0-1"]
[WhiteElo "2298"]
[BlackElo "2406"]

1.Nf3 d5 2.g3 c6 3.Bg2 Bg4 4.c4 e6 5.cxd5 exd5 6.O-O Nf6 7.d3 Bc5 8.Nc3 O-O
9.Bf4 Re8 10.Qc2 Nbd7 11.e4 Bb6 12.exd5 cxd5 13.Rfe1 Rc8 14.Rxe8+ Qxe8 15.Re1 Qf8
16.Qd2 Bxf3 17.Bxf3 Ba5 18.d4 Nb6 19.Qd3 Na4 20.Qb5 Qb4 21.Qxb4 Bxb4 22.Re5 Nxc3
23.bxc3 Bd6 24.Re3 Bxf4 25.gxf4 Kf8 26.Be2 Ne4 27.c4 dxc4 28.Rxe4 c3 29.Bd3 c2
30.Bxc2 Rxc2 31.d5 Rd2 32.Ra4 a6 33.Rb4 b5 34.a4 Rxd5 35.axb5 axb5 36.Re4 Rd6
37.Rb4 Rb6 38.Kf1 Ke7 39.Ke2 Kd6 40.Kd3 Kc5 41.Re4 Re6  0-1

[Event "Chigorin Mem"]
[Site "St Petersburg RUS"]
[Date "2000.11.08"]
[Round "7"]
[White "Astashov,G"]
[Black "Novitzkij,D"]
[Result "0-1"]
[WhiteElo "2251"]
[BlackElo "2347"]

1.Nf3 d5 2.g3 g6 3.Bg2 Bg7 4.O-O e5 5.d3 Ne7 6.e4 O-O 7.Nbd2 Nbc6 8.c3 h6
9.a3 a5 10.exd5 Nxd5 11.a4 Nb6 12.Qe2 Be6 13.Re1 Nd7 14.h4 Nc5 15.Bf1 Qd7
16.Ne4 Nb3 17.Ra3 f5 18.Ned2 Nxc1 19.Rxc1 Rae8 20.Bg2 Rd8 21.Ne1 Rfe8 22.Raa1 Bf7
23.Rd1 Bf6 24.Nc4 b6 25.Nc2 Kg7 26.N2e3 h5 27.Qf3 Nb8 28.Qe2 Na6 29.Nxe5 Rxe5
30.d4 Rxe3 31.fxe3 Nb8 32.e4 fxe4 33.Qxe4 Qd6 34.Rf1 Qxg3 35.Rf3 Qd6 36.Rf4 Bd5
37.Qe3 Bxg2 38.Kxg2 Rf8 39.Raf1 Nc6 40.Qe4 Ne7 41.Kh1 Qd5 42.Qxd5 Nxd5 43.Re4 Ne7
44.b4 axb4 45.cxb4 Nf5  0-1

[Event "Chigorin Mem"]
[Site "St Petersburg RUS"]
[Date "2000.11.08"]
[Round "7"]
[White "Tseitlin,Ma"]
[Black "Sorokin,M"]
[Result "0-1"]
[WhiteElo "2445"]
[BlackElo "2541"]

1.Nf3 d5 2.g3 g6 3.Bg2 Bg7 4.O-O Nf6 5.d4 c6 6.c4 O-O 7.Qb3 Qb6 8.Nc3 Bf5
9.Ne5 Qxb3 10.axb3 e6 11.h3 Nfd7 12.f4 Rd8 13.e4 Bxe4 14.Nxe4 dxe4 15.Bxe4 f6
16.Nf3 f5 17.Bc2 c5 18.dxc5 Nc6 19.Be3 Bxb2 20.Ra4 Bc3 21.Kh1 Bb4 22.Bd1 a5
23.Ng5 Bxc5 24.Bc1 Re8 25.Bf3 h6 26.Bxc6 bxc6 27.Nf3 Reb8 28.Nd2 Bb4 29.Ra2 Nc5
30.Nf3 Ne4 31.Kg2 Bc3 32.Ra3 Bb4 33.Ra2 Bc3 34.Ra3 Nc5 35.Bd2 Bxd2 36.Nxd2 Rd8
37.Ra2 Rd3 38.b4 Rad8 39.bxc5 Rxd2+ 40.Rf2 Rxa2 41.Rxa2 Ra8 42.Ra4 Kf7 43.Kf3 Kf6
44.Ke3 e5 45.h4 g5 46.hxg5+ hxg5 47.Kf3 Ra7 48.Ke3 exf4+ 49.gxf4 gxf4+ 50.Kxf4 Re7
51.Rxa5 Re4+ 52.Kf3 Rxc4 53.Ke3 Ke5 54.Kd3 Kd5 55.Ra8 Rxc5 56.Re8 Ra5 57.Ke3 Ra4
58.Rd8+ Kc5 59.Rf8 f4+ 60.Kf3 Rd4 61.Rc8 Kd5  0-1

[Event "34th Olympiad Women"]
[Site "Istanbul TUR"]
[Date "2000.11.09"]
[Round "12"]
[White "Ramon,V"]
[Black "Le Kieu Thien Kim"]
[Result "1-0"]
[WhiteElo "2294"]
[BlackElo "2331"]

1.Nf3 d5 2.g3 Nf6 3.Bg2 Bf5 4.b3 e6 5.Bb2 Be7 6.O-O h6 7.d3 O-O 8.c4 c6 9.Nbd2 Nbd7
10.Qc2 a5 11.a3 Bh7 12.Bc3 b5 13.cxb5 cxb5 14.b4 axb4 15.axb4 Qc7 16.Qb2 Bd6
17.Rfc1 Rxa1 18.Qxa1 Qb8 19.Nd4 e5 20.Nc6 Qa8 21.Qxa8 Rxa8 22.Nb3 Ra2 23.Kf1 d4
24.Be1 Bf5 25.h3 Ra6 26.f4 exf4 27.Nbxd4 Bg6 28.Nxb5 Bf8 29.gxf4 Rb6 30.Nbd4 Bd6
31.f5 Bh5 32.b5 Kh7 33.Ba5 Rb7 34.Rb1 Bc5 35.Nd8 Ra7 36.N4c6 Ra8 37.b6 Nxb6
38.Bxb6 Bxb6 39.Rxb6 Ra2 40.Nd4 Nd7 41.Rb5 g5 42.Bf3 Bxf3 43.Nxf3  1-0

[Event "Chigorin Mem"]
[Site "St Petersburg RUS"]
[Date "2000.11.09"]
[Round "8"]
[White "Purtov,A"]
[Black "Bryzgalin,K"]
[Result "1/2-1/2"]
[WhiteElo "2450"]
[BlackElo "2315"]

1.Nf3 d5 2.g3 c6 3.Bg2 Bg4 4.O-O Nd7 5.d3 e5 6.Nbd2 Ngf6 7.h3 Bh5 8.c4 Be7
9.cxd5 Nxd5 10.Nc4 f6 11.d4 N5b6 12.Nxb6 axb6 13.dxe5 Nxe5 14.Nxe5 Qxd1 15.Rxd1 fxe5
16.Be3 b5 17.Bb6 Bd8 18.Bxd8 Rxd8 19.Kf1 Ke7 20.a3 Bf7 21.Be4 h6 22.h4 Bb3
23.Rxd8 Rxd8 24.Ke1 Ke6 25.Rc1 Ke7 26.Bd3 Rd6 27.Rc3 Bf7 28.Bc2 Bc4 29.Bf5 Be6
30.Bh7 Bf7 31.Bb1 Rd8 32.Re3 Kf6 33.Bc2 Rd4 34.Rd3 Bd5 35.Kd2 Bc4 36.Rxd4 exd4
37.Be4 Ke5 38.Bg2 Bd5 39.Bh3 g5 40.hxg5 hxg5 41.Bg4 b6 42.Bh5 Be6 43.Bg6 Bd7
44.e3 dxe3+ 45.Kxe3 Kf6 46.Be4 Ke5 47.Bg2 Be8 48.Bh3 Bf7 49.Bc8 Be8 50.Bg4 Bf7
51.f4+ gxf4+ 52.gxf4+ Kf6 53.Bd7 Bd5 54.Be8 Bg2 55.Bh5 Bh3 56.Be8 Bg2 57.Kf2 Bd5
58.Ke2 Be4 59.Bd7 Bd5 60.Kf2 Be4 61.Bh3 Bg6 62.Bg4 Bf7 63.Bd7 Bd5 64.Kg3 Be4
65.Kg4 Bd5  1/2-1/2

[Event "34th Olympiad Women"]
[Site "Istanbul TUR"]
[Date "2000.11.10"]
[Round "13"]
[White "Alieva,E"]
[Black "Hlgatian,G"]
[Result "0-1"]
[WhiteElo "2240"]
[BlackElo "2209"]

1.Nf3 d5 2.g3 c6 3.Bg2 Bf5 4.c4 e6 5.O-O Nf6 6.b3 Nbd7 7.Bb2 h6 8.d3 Bh7
9.Nbd2 Be7 10.e4 dxe4 11.Nxe4 Nxe4 12.dxe4 O-O 13.Qe2 Qc7 14.Rad1 Rfd8 15.Qe3 Nc5
16.Nd4 e5 17.Nf5 Bf8 18.h3 a5 19.Kh2 Ne6 20.Qc3 f6 21.a3 Bc5 22.b4 Rxd1 23.Rxd1 Bxf2
24.c5 axb4 25.Qc4 Qf7 26.Nd6 Qd7 27.axb4 Kh8 28.Bf3 Bd4 29.Bxd4 exd4 30.Bg4 Bg8
31.Qe2 Qe7 32.Bxe6 Qxe6 33.Rxd4 Qb3 34.Nf5 Ra1 35.Rd2 Qb1 36.Qg2 Qxb4 37.Rc2 Bc4
38.Ne3 Bd3 39.Rb2 Qxc5 40.Ng4 Bxe4  0-1

[Event "34th Olympiad Women"]
[Site "Istanbul TUR"]
[Date "2000.11.10"]
[Round "13"]
[White "Danielian,E"]
[Black "Babaeva,F"]
[Result "1/2-1/2"]
[WhiteElo "2389"]
[BlackElo "2257"]

1.Nf3 d5 2.g3 c6 3.b3 Bg4 4.Bg2 Nd7 5.Bb2 Ngf6 6.O-O e6 7.d3 Be7 8.Nbd2 O-O
9.h3 Bxf3 10.Bxf3 e5 11.e4 Qc7 12.Bg2 Bd6 13.Qe2 Rfe8 14.Rad1 Rad8 15.Nf3 g6
16.Bc1 Bf8 17.Nh2 dxe4 18.dxe4 Nc5 19.Rxd8 Qxd8 20.a4 Qd4 21.Rd1 Qc3 22.Bg5 Bg7
23.Nf1 Ne6 24.Rd3 Qb4 25.Bd2 Qe7 26.Bc3 Qc7 27.Rd1 Rd8 28.Rxd8+ Nxd8 29.Qe3 b6
30.h4 Ne8 31.Bh3 Qe7 32.Qd3 Ne6 33.Bxe6 Qxe6 34.Qd8 f6 35.a5 bxa5 36.Qxa5 Qd7
37.Ne3 Nd6 38.Qa4 Bh6 39.Nf1 Kf7 40.Kg2 Nb5 41.Bb2 Ke7 42.Ba3+ Nxa3 43.Qxa3+ Kf7
44.Qa6 Bc1 45.Nh2 Kg7 46.Nf3 Bb2 47.Qc4 Ba3 48.b4 Qd6 49.c3 Bb2 50.Qb3 Bc1
51.Qc2 Bh6 52.Qa2 Qd7 53.Qc4 Kh8 54.Ne1 Bf8 55.Nc2 Kg7 56.Ne3 Be7 57.Qa6 Kf7
58.h5 Kg7 59.Qe2 Bd8 60.Ng4 Bb6 61.Qf3 Qd6 62.h6+ Kf7 63.Qe2 Qd7 64.Nh2 Qd6
65.Nf3 Qd7 66.Nd2 Ke7 67.Nc4 Bd8 68.Qa2 Kf8 69.Qa6 Ke8 70.Na5 Bxa5 71.bxa5 Kf7
72.Qc4+ Qe6 73.Qb4 Qe7 74.Qb3+ Kf8 75.a6 Qd7 76.Qb7 Ke7 77.Qb4+ Ke8 78.Qb8+ Ke7
79.Qg8 Kd6 80.Qf8+ Qe7 81.Qb8+ Qc7 82.Qh8 Qe7 83.Kf3 Ke6 84.Ke2 Qd7 85.f4 exf4
86.gxf4 c5 87.Qg8+ Qf7 88.Qc8+ Kd6 89.Kd3 Qd7 90.Qf8+ Kc6+ 91.Kc2 Qe6 92.Qa8+ Kb5
93.Qb7+ Ka5 94.Kb2 Qb6+ 95.Ka3 Qxa6 96.Qxh7 Kb6+ 97.Kb2 Qe2+ 98.Kc1 Qe1+
99.Kb2 Qe2+ 100.Kc1 Qe1+ 101.Kb2 Qe2+ 102.Kc1  1/2-1/2

[Event "34th Olympiad"]
[Site "Istanbul TUR"]
[Date "2000.11.10"]
[Round "13"]
[White "Dizdarevic,E"]
[Black "Luther,T"]
[Result "1/2-1/2"]
[WhiteElo "2527"]
[BlackElo "2547"]

1.Nf3 d5 2.g3 c6 3.Bg2 Bg4 4.O-O Nd7 5.d4 e6 6.Nbd2 Ngf6 7.Re1 Be7 8.e4 dxe4
9.Nxe4 O-O 10.c3 Qb6 11.Qb3 Nxe4 12.Rxe4 Bf5 13.Re1 a5 14.Ne5 a4 15.Nxd7  1/2-1/2

[Event "34th Olympiad Women"]
[Site "Istanbul TUR"]
[Date "2000.11.10"]
[Round "13"]
[White "Khan,A"]
[Black "Madl,I"]
[Result "1/2-1/2"]
[WhiteElo "2257"]
[BlackElo "2418"]

1.Nf3 d5 2.g3 c6 3.Bg2 Bg4 4.O-O Nd7 5.d4 Ngf6 6.Nbd2 e6 7.Re1 Be7 8.e4 O-O
9.c3 Bh5 10.Qb3 Qc7 11.c4 Rac8 12.Qc3 dxe4 13.Nxe4 c5 14.dxc5 Nxe4 15.Rxe4 Nxc5
16.Re1 Bf6 17.Qa3 Qb6 18.Ne5 Rfd8 19.Bf4 g5 20.g4 Bg6 21.Nxg6 hxg6 22.Be5 Bxe5
23.Rxe5 Nd3 24.Re3 Nf4 25.Qb3 Qd4 26.Bf1 b6 27.a4 a5 28.Rae1 Qd6 29.Rc1 Rc5
30.Ree1 Rcc8 31.Rcd1 Qc7 32.Qc3 Qe7 33.Qe3 Rxd1 34.Rxd1 Rd8 35.Rc1 Qc5 36.Qc3 e5
37.Re1 Rd4 38.Rb1 Qc7 39.h3 Qc6 40.Qe3 f6 41.Qb3 Qc5 42.Qc3 Qd6 43.b4 Rd1
44.Rxd1 Qxd1 45.Qe3 axb4 46.Qxb6 Nxh3+ 47.Kh2 Qxf1 48.Qd8+ Kg7 49.Qe7+ Kg8  1/2-1/2

[Event "34th Olympiad"]
[Site "Istanbul TUR"]
[Date "2000.11.10"]
[Round "13"]
[White "Karttunen,M"]
[Black "Echavarria,J"]
[Result "1-0"]
[WhiteElo "2399"]
[BlackElo "2328"]

1.Nf3 d5 2.g3 c6 3.Bg2 Bg4 4.d4 Nd7 5.Nbd2 Ngf6 6.O-O e6 7.b3 Bd6 8.Bb2 Qb8
9.Re1 O-O 10.e4 dxe4 11.Nxe4 Nxe4 12.Rxe4 Nf6 13.Re2 Rd8 14.Qe1 a5 15.h3 Bh5
16.c4 Bb4 17.Qc1 Be7 18.a3 Qa7 19.Qc3 Bxf3 20.Bxf3 Ne8 21.Qe3 Bf6 22.Rd1 Nc7
23.Red2 Qb6 24.Be4 Rd7 25.Bc2 Rad8 26.Bc3 Qa6 27.g4 g6 28.a4 Qa7 29.h4 Qa6
30.g5 Bg7 31.h5 b5 32.h6 Bh8 33.d5 Bxc3 34.Qxc3 Ne8 35.dxe6 Rxd2 36.Rxd2 Qc8
37.Rxd8 Qxd8 38.Qe5 bxc4 39.bxc4 f6 40.e7 Qd6 41.Qxd6 Nxd6 42.c5 Ne8 43.Bb3+ Kh8
44.Bf7  1-0

[Event "Chigorin Mem"]
[Site "St Petersburg RUS"]
[Date "2000.11.10"]
[Round "9"]
[White "Andreeva,N"]
[Black "Loktionova,N"]
[Result "1/2-1/2"]
[WhiteElo "2320"]
[BlackElo "2221"]

1.Nf3 d5 2.g3 Nf6 3.Bg2 e6 4.O-O Be7 5.d4 O-O 6.c4 c6 7.Qc2 Nbd7 8.Rd1 b6
9.b3 Bb7 10.Nc3 Rc8 11.e4 dxe4 12.Ng5 h6 13.Ngxe4 Nxe4 14.Nxe4 Nf6 15.Bf4 Nxe4
16.Qxe4 Bd6 17.Be3 Qe7 18.Rac1 Rfd8 19.c5 Bb8 20.Qg4 Qf6 21.cxb6 axb6 22.d5 exd5
23.Bxb6 Re8 24.Qb4 Bd6 25.Qd2 Ba3 26.Rc2 Qd6 27.Be3 Ba6 28.Bf4 Qg6 29.Bf1 Bxf1
30.Kxf1 Qe4 31.Kg1 g5 32.Be3 d4 33.Bxd4 Rcd8 34.Rc4 c5 35.Qa5 Ra8 36.Qb6 Qf3
37.Qxh6 Qxd1+ 38.Kg2 cxd4 39.Qxg5+ Kf8 40.Qh6+ Kg8 41.Qg5+ Kf8 42.Qh6+ Kg8  1/2-1/2

[Event "72nd ch-GER"]
[Site "Seebad Heringsdorf GER"]
[Date "2000.11.17"]
[Round "1"]
[White "Bruch,J"]
[Black "Rabiega,R"]
[Result "0-1"]
[WhiteElo "2336"]
[BlackElo "2487"]

1.Nf3 d5 2.g3 Nc6 3.Bg2 e5 4.d3 g6 5.O-O Bg7 6.Nbd2 Nge7 7.e4 O-O 8.c3 a5
9.a4 dxe4 10.dxe4 b6 11.Qc2 Ba6 12.Rd1 Be2 13.Re1 Bd3 14.Qb3 Qd6 15.Nc4 Qe6
16.Bf1 Bxf1 17.Rxf1 h6 18.Be3 Kh7 19.Nfd2 Rad8 20.Kg2 Rd3 21.Qc2 Rfd8 22.b3 f5
23.Nb2 R3d7 24.f3 f4 25.gxf4 exf4 26.Bxf4 g5 27.Be3 Nf5 28.exf5 Qxe3 29.f6+ Kg8
30.Ndc4 Rd2+ 31.Nxd2 Rxd2+ 32.Qxd2 Qxd2+ 33.Rf2 Qxc3 34.fxg7 Ne5 35.Rd1 Qxb3
36.Rdd2 Ng6 37.Rd7 Nf4+ 38.Kf1 c5 39.Rc7 Qd5 40.Rc2 Qxf3+ 41.Ke1 Ng2+  0-1

[Event "Tch-AUT 2000-01"]
[Site "Gleisdorf AUT"]
[Date "2000.11.18"]
[Round "4"]
[White "Moser,E"]
[Black "Watzka,H"]
[Result "1/2-1/2"]
[WhiteElo "2309"]
[BlackElo "2367"]

1.g3 d5 2.Nf3 Nf6 3.Bg2 c6 4.d3 Bg4 5.Nbd2 Nbd7 6.h3 Bh5 7.O-O e5 8.e4 dxe4
9.dxe4 Bc5 10.c3 O-O 11.Qc2 Bg6 12.Nh4 Nh5 13.Kh2 Be7 14.Ndf3 Nhf6 15.Nf5 Bxf5
16.exf5 Re8 17.Re1 Bc5 18.b4 Bb6 19.c4 a5 20.Bb2 Bc7 21.a3 axb4 22.axb4 Rxa1
23.Bxa1 Qb8 24.Nd2 h6 25.Ne4 Nxe4  1/2-1/2

[Event "Czech Extra League 2000-1"]
[Site "CZE"]
[Date "2000.11.19"]
[Round "2"]
[White "Kulhanek,T"]
[Black "Chloupek,S"]
[Result "0-1"]
[WhiteElo "2352"]
[BlackElo "2326"]

1.Nf3 d5 2.g3 Bg4 3.Ne5 Be6 4.Bg2 Nd7 5.Nf3 Bg4 6.h3 Bh5 7.O-O c6 8.d3 e5
9.e4 dxe4 10.dxe4 Bc5 11.Qe2 Ne7 12.Nbd2 O-O 13.a4 a5 14.g4 Bg6 15.Nh4 Re8
16.Ndf3 Qc7 17.Ng5 h6 18.Ngf3 Nf8 19.Kh1 Ne6 20.Nf5 Bh7 21.Qc4 Ng6 22.N3h4 Nxh4
23.Nxh4 Rad8 24.Nf5 Kh8 25.c3 f6 26.h4 Qd7 27.Bf3 Qd3 28.Qxd3 Rxd3 29.Be2 Rd7
30.Rb1 Red8 31.b4 axb4 32.cxb4 Ba7 33.b5 cxb5 34.Bxb5 Rd1 35.Kg2 Bc5 36.Bc4 Rxf1
37.Bxf1 Rd1 38.Be2 Nf4+ 39.Kf3 Rg1 40.Ne3 Rh1 41.Bf1 b6 42.Bd2 h5 43.gxh5 Rxh4
44.a5 Nxh5 45.Bd3 Nf4 46.Bc2 Bg6 47.Rg1 bxa5 48.Ng4 Bh5 49.Bxf4 exf4 50.Kxf4 Bxf2
51.Rg2 Bd4 52.Bd1 Be5+ 53.Kf5 Bxg4+ 54.Bxg4 Kh7 55.Ke6 Kh6 56.Kf7 g5 57.Bf5 Rh1
58.Rc2 g4 59.Bxg4 Kg5 60.Bf5 Ra1 61.Rg2+ Kf4 62.Rc2 a4 63.Ke6 a3 64.Kd5 Rd1+
65.Kc4 Bb2 66.Kb3 Ke3 67.Rc8 Rd6 68.Ra8 Kd2 69.Rc8 Rb6+ 70.Ka2 Bc1 71.Rd8+ Ke3
72.Rc8 Bb2 73.Ra8 Rc6 74.Rd8 Rc1 75.Ra8 Ra1+ 76.Kb3 Bc1 77.Rc8 Bb2 78.Ra8 Re1
79.Rc8 Kf4 80.Rc4 Re3+ 81.Ka2 Be5 82.Ra4 Bd6 83.Ra6 Re2+ 84.Kb1 Rb2+ 85.Ka1 Rd2
86.Kb1 Bb4 87.Ka1 Ke3  0-1

[Event "TCh-FIN 00-01"]
[Site "FIN"]
[Date "2000.11.19"]
[Round "5"]
[White "Keskinen,S"]
[Black "Kokkila,T"]
[Result "1-0"]
[WhiteElo "2252"]
[BlackElo "2296"]

1.Nf3 d5 2.g3 c6 3.Bg2 Bg4 4.O-O Nd7 5.d3 Ngf6 6.Nbd2 e5 7.e4 Bd6 8.Qe2 O-O
9.h3 Bxf3 10.Nxf3 Re8 11.Nh4 g6 12.Bg5 Qb6 13.c4 dxe4 14.dxe4 Bf8 15.Rad1 Bg7
16.Rd6 h6 17.Be3 Qa5 18.Rfd1 Nf8 19.Qf3 Re6 20.a3 Rxd6 21.Rxd6 Ne8 22.Rd3 Nc7
23.Qd1 Nce6 24.c5 b6 25.b4 Qa6 26.Bf1 Qb7 27.Rd6 b5 28.f4 exf4 29.gxf4 Nxf4
30.Bxf4 g5 31.Nf5 gxf4 32.Nxg7 Kxg7 33.Qd4+ Kg8 34.Qf6 Re8 35.Qxf4 Re6 36.e5 Qe7
37.Bd3 Kg7 38.h4 Ng6 39.Qg3 Qxh4 40.Qxh4 Nxh4 41.Rxe6 fxe6 42.Be4 Ng6 43.Bxc6 Nxe5
44.Bxb5 Kf6 45.c6 Nf7 46.c7 Nd6 47.Bd7 Ke5 48.Kf2 Kd5 49.Ke3 e5 50.c8=Q Nxc8
51.Bxc8 Kc4 52.Ke4 Kb3 53.Kxe5 Kxa3 54.b5 Kb4 55.Ba6  1-0

[Event "TCh-FIN 00-01"]
[Site "FIN"]
[Date "2000.11.19"]
[Round "5"]
[White "Sepp,O"]
[Black "Salo,Ta"]
[Result "1-0"]
[WhiteElo "2448"]
[BlackElo "2324"]

1.Nf3 d5 2.g3 c6 3.Bg2 Bg4 4.b3 Nf6 5.Bb2 e6 6.O-O Nbd7 7.d3 Bd6 8.Nbd2 O-O
9.h3 Bh5 10.e4 e5 11.Qe1 Re8 12.Nh4 dxe4 13.dxe4 Qc7 14.Nf5 Bf8 15.Kh1 Bg6
16.Nh4 Nc5 17.Nxg6 hxg6 18.a4 a5 19.Nc4 Nfd7 20.Rd1 b5 21.axb5 cxb5 22.Ne3 a4
23.Nd5 Qa7 24.b4 Ne6 25.f4 exf4 26.gxf4 Rac8 27.Qd2 Nc7 28.f5 gxf5 29.exf5 Nxd5
30.Bxd5 Nb6 31.Bd4 Red8 32.Bxb6 Qxb6 33.f6 g6 34.Qg2 Rxd5 35.Rxd5 Bxb4 36.h4 Bf8
37.h5 Qb7 38.hxg6 Rxc2 39.gxf7+ Kxf7 40.Qe4 Qc7 41.Qh7+  1-0

[Event "Tenkes Kupa"]
[Site "Harkany HUN"]
[Date "2000.11.20"]
[Round "5"]
[White "Boguszlavszkij,J"]
[Black "Kaposztas,M"]
[Result "1/2-1/2"]
[WhiteElo "2278"]
[BlackElo "2219"]

1.Nf3 d5 2.g3 c5 3.Bg2 Nc6 4.O-O Nf6 5.d3 Bg4 6.Nbd2 e6 7.c3 Be7 8.Qc2 O-O
9.Re1 d4 10.c4 Qd7 11.a3 e5 12.Rb1 a5  1/2-1/2

[Event "Scaccomatto"]
[Site "Torino ITA"]
[Date "2000.11.20"]
[Round "3"]
[White "Paragua,M"]
[Black "Lazic,Mi"]
[Result "1/2-1/2"]
[WhiteElo "2423"]
[BlackElo "2470"]

1.Nf3 d5 2.g3 g6 3.Bg2 Bg7 4.O-O e5 5.d3 Ne7 6.e4 O-O 7.Nbd2 Nbc6 8.c3 a5
9.Re1 h6 10.Qc2 Be6 11.b3 g5 12.exd5 Bxd5 13.Nc4 Ng6 14.h3 Qd7 15.a4 Be6
16.Kh2 Rfd8 17.d4 exd4 18.Nxd4 Nxd4 19.cxd4 Bd5 20.Bxd5 Qxd5 21.Bb2 Ra6 22.Rad1 Rc6
23.Qe4 Re6 24.Qxd5 Rxd5 25.Ne3 Rd8 26.Nc4 Rxe1 27.Rxe1 b6 28.Ne3 Ne7 29.Ba3 Nc6
30.d5 Nd4 31.Rc1 Rd7 32.b4 axb4 33.Bxb4 f5 34.f4 gxf4 35.gxf4 Bf6 36.Rc4 Rg7
37.Rxd4 Bxd4 38.Nxf5 Rd7 39.Nxd4 c5 40.dxc6 Rxd4 41.c7 Rc4 42.Bd6 Kf7 43.Kg3 Ke6
44.Be5 Kd7 45.Kg4 Rxa4 46.Kh5 b5 47.Kxh6 Re4 48.h4 b4 49.Kg7 b3 50.h5 Rxf4
51.h6 Rg4+ 52.Kf7 Rh4 53.Kg7 Rxh6 54.Kxh6 b2 55.Bxb2 Kxc7  1/2-1/2

[Event "VI Open"]
[Site "Lisbon POR"]
[Date "2000.11.21"]
[Round "4"]
[White "Frois,A"]
[Black "Blalock,R"]
[Result "0-1"]
[WhiteElo "2346"]
[BlackElo "2184"]

1.Nf3 d5 2.g3 Nf6 3.Bg2 e6 4.O-O Be7 5.c4 O-O 6.b3 c5 7.Bb2 Nc6 8.cxd5 exd5
9.d4 Be6 10.dxc5 Bxc5 11.Nc3 Rc8 12.Rc1 Qe7 13.Nb5 Ne4 14.Nfd4 Nxd4 15.Nxd4 Rfd8
16.Qd3 Bd7 17.Rc2 a6 18.Rfc1 Bb6 19.e3 Rxc2 20.Rxc2 Re8 21.Qd1 h6 22.Qf3 Bxd4
23.Bxd4 Qb4 24.Qd1 Rc8 25.Rxc8+ Bxc8 26.Qc1 Bf5 27.f3 Ng5 28.g4 Bd7 29.Qc3 Qxc3
30.Bxc3 Bc6 31.Kf2 Ne6 32.Bf1 f6 33.Bb4 Kf7 34.Bd3 g6 35.h4 g5 36.h5 Nf8
37.Ke2 Nd7 38.Bg6+ Ke6 39.f4 b6 40.Kd3 Nc5+ 41.Kd4 Kd6 42.fxg5 fxg5 43.Bf5 Bb5
44.e4 dxe4 45.Bxe4 Bd7 46.Bf3 Be6 47.Ba3 a5 48.Bb2 Nd7 49.Ba3+ Nc5 50.Be2 Bd7
51.Ke3 Be6 52.Bf3 Bd5 53.Be2 Be6 54.Kd4 Bd5 55.Bd1 Bc6 56.b4 axb4 57.Bxb4 Bd7
58.a4 Kc6 59.Bf3+ Kc7 60.Bxc5 bxc5+ 61.Ke5 c4 62.Bd1 c3 63.Kf6 Bxg4 64.Bc2 Bxh5
65.Ke5 Be2  0-1

[Event "Autumn Cup IM"]
[Site "Bucharest ROM"]
[Date "2000.11.23"]
[Round "4"]
[White "Cioara,A"]
[Black "Glodeanu,I"]
[Result "1/2-1/2"]
[WhiteElo "2350"]
[BlackElo "2271"]

1.Nf3 d5 2.g3 e6 3.Bg2 c5 4.O-O Nf6 5.d3 Nc6 6.Nbd2 Be7 7.e4 O-O 8.Re1 b5
9.e5 Nd7 10.Nf1 a5 11.h4 Ba6  1/2-1/2

[Event "VI Open"]
[Site "Lisbon POR"]
[Date "2000.11.23"]
[Round "6"]
[White "Frois,A"]
[Black "Coimbra,M"]
[Result "1-0"]
[WhiteElo "2346"]
[BlackElo "2043"]

1.Nf3 d5 2.g3 Nf6 3.Bg2 c6 4.O-O Bg4 5.d3 Nbd7 6.c4 e6 7.Be3 Bd6 8.Qb3 Qc8
9.Nc3 O-O 10.Rac1 dxc4 11.dxc4 e5 12.Qc2 Re8 13.Rfd1 Bc5 14.Bxc5 Nxc5 15.b4 Bxf3
16.Bxf3 Ne6 17.e3 Ng5 18.Bg2 Qg4 19.Qe2 Qxe2 20.Nxe2 a6 21.Nc3 Rad8 22.b5 axb5
23.cxb5 cxb5 24.Nxb5 Rxd1+ 25.Rxd1 Nge4 26.Rc1 b6 27.Rc6 Rb8 28.g4 h6 29.h4 Rd8
30.f3 Rd1+ 31.Kh2 Nd2 32.Nd6 g6 33.e4 Nf1+ 34.Bxf1 Rxf1 35.Kg3 Rg1+ 36.Kf2 Rb1
37.Rc8+ Kg7 38.Rc7 Kg8 39.Nxf7 h5 40.g5  1-0

[Event "Autumn Cup IM"]
[Site "Bucharest ROM"]
[Date "2000.11.24"]
[Round "5"]
[White "Bogza,A"]
[Black "Cioara,A"]
[Result "1-0"]
[WhiteElo "2271"]
[BlackElo "2350"]

1.g3 d5 2.Nf3 Nf6 3.Bg2 e6 4.c4 c5 5.O-O Nc6 6.cxd5 exd5 7.d4 Be6 8.Nc3 Be7
9.h3 O-O 10.Be3 cxd4 11.Nxd4 Rc8 12.Rc1 Ne5 13.b3 Qa5 14.Bd2 Qb6 15.Bf4 Nc6
16.Be3 Qa5 17.Nxc6 Rxc6 18.Na4 Rxc1 19.Qxc1 Ne4 20.Bxe4 dxe4 21.Qc3 Qh5 22.Bd4 b5
23.Nc5 Rc8 24.b4 Qxh3 25.Bxg7 e3 26.Be5 Bd5 27.f3 Rc6 28.Qxe3 Rh6 29.Kf2 Qh2+
30.Ke1 Bc4 31.Bc7 Be6 32.a3 Qh5 33.Nd3 Rf6 34.Be5 Rf5 35.Qxa7 Bf8 36.g4 Qh4+
37.Qf2 Qxf2+ 38.Kxf2 Rg5 39.Rc1 Bc4 40.Bf4 Rd5 41.Nb2 Ba2 42.Rc8 Kg7 43.Nd3 Be7
44.Rc6 h5 45.gxh5 Rxh5 46.Ne5 Rh8 47.Ng4 Ra8 48.Be5+ Kf8 49.Rh6 f6 50.Rh8+ Bg8  1-0

[Event "72nd ch-GER"]
[Site "Seebad Heringsdorf GER"]
[Date "2000.11.24"]
[Round "8"]
[White "Gutman,L"]
[Black "Mueller,Ka"]
[Result "1/2-1/2"]
[WhiteElo "2533"]
[BlackElo "2513"]

1.Nf3 d5 2.g3 c6 3.Bg2 Nf6 4.O-O Bg4 5.d3 Nbd7 6.Qe1 e5 7.e4 dxe4 8.dxe4 Bc5
9.a4 a5 10.Na3 O-O 11.Nc4 Re8 12.Bd2 b6 13.Bc3 Qc7 14.Nh4 Rad8 15.Kh1 Bd4
16.Ne3 Nc5 17.Nxg4 Nxg4 18.b3 g6 19.Rc1 Bxc3 20.Qxc3 Nf6 21.Rce1 Qe7 22.Re2 Rd4
23.Rfe1 Rb4 24.Qa1 Rd4 25.Kg1 Qd8 26.Nf3 Rxe4 27.Rxe4 Ncxe4 28.Nxe5 Qd6 29.Nd3 Nc5
30.Rxe8+ Nxe8 31.Qe5 Kf8 32.Qxd6+ Nxd6 33.Ne5 b5 34.Bxc6 f6 35.Nd7+ Nxd7
36.Bxd7 b4 37.Be6 Ke7 38.Bg8 Nf5 39.Bc4 Kd6 40.Bd3 Ne7 41.h4 h6 42.Kg2 Ke5
43.Kf3 Kd4 44.Kf4 Nd5+ 45.Kg4 Ne7 46.Kf3 Nc6 47.Ke2 Ne5 48.Bb5 g5 49.hxg5 hxg5
50.f4 gxf4 51.gxf4 Ng4 52.Bd3 Ne3 53.Kf3 Nd5  1/2-1/2

[Event "Scaccomatto"]
[Site "Torino ITA"]
[Date "2000.11.24"]
[Round "7"]
[White "Romanishin,O"]
[Black "Skembris,S"]
[Result "1/2-1/2"]
[WhiteElo "2591"]
[BlackElo "2475"]

1.Nf3 d5 2.g3 Nf6 3.Bg2 e6 4.d4 Be7 5.c4 dxc4 6.Qa4+ Nbd7 7.Qxc4 a6 8.Qc2 c5
9.O-O cxd4 10.Nxd4 O-O 11.Nc3 Bc5 12.Nb3 Ba7 13.Bd2 Rb8 14.a4 h6 15.Rad1 Qc7
16.Rc1 b5 17.axb5 axb5 18.Na2 Qxc2 19.Rxc2 Bb7 20.Bxb7 Rxb7 21.Na5 Rbb8 22.Nc6 Ra8
23.Nc3 Bc5 24.Nxb5 Ra6 25.Ncd4 Ne4 26.Be3 Rb8 27.Nc3 Nxc3 28.bxc3 Rc8 29.Rcc1 Ra4
30.Nc2 Rc4 31.Bxc5 R4xc5 32.Ne3  1/2-1/2

[Event "Norkom European Masters"]
[Site "Kilkenny IRL"]
[Date "2000.11.25"]
[Round "2"]
[White "Kennedy,J"]
[Black "Anderson,J"]
[Result "1/2-1/2"]
[WhiteElo "2019"]
[BlackElo "2161"]

1.Nf3 d5 2.g3 g6 3.Bg2 Bg7 4.O-O Nf6 5.d3 O-O 6.Nbd2 c5 7.e4 Nc6 8.Qe2 e5
9.Re1 Re8 10.c3 h6 11.Nb3 b6 12.exd5 Nxd5 13.d4 cxd4 14.Nfxd4 Nxd4 15.Nxd4 Bb7
16.Nc2 Qc7 17.Ne3 Nf4 18.gxf4 exf4 19.Qg4 fxe3 20.Bxe3 Bxg2 21.Qxg2 Rad8
22.Rad1 Qc4 23.a3 Qb3 24.Rb1 Rd5 25.Qg4 Red8 26.Qb4 Qc2 27.Qg4 Kh7 28.Rec1 Qb3
29.Qb4 Qxb4 30.axb4 b5 31.Ra1 R8d7 32.Kg2 Be5 33.Rxa7 Rxa7 34.Bxa7 Bf4 35.Rc2 Rg5+
36.Kh1 Re5 37.Bd4 Re4 38.Kg2 g5 39.b3 Bd6 40.Bc5 Rg4+ 41.Kh1 Bb8 42.c4 Rh4
43.f3 bxc4 44.bxc4 Rh3 45.Rf2 Rh4  1/2-1/2

[Event "Norkom European Masters"]
[Site "Kilkenny IRL"]
[Date "2000.11.25"]
[Round "4"]
[White "Kennedy,J"]
[Black "Hynes,K"]
[Result "1-0"]
[WhiteElo "2019"]
[BlackElo "2231"]

1.Nf3 d5 2.g3 Nf6 3.Bg2 Bg4 4.O-O Nbd7 5.d3 e5 6.Nbd2 Bd6 7.e4 c6 8.Qe1 O-O
9.h3 Bh5 10.Nh4 Re8 11.Nf5 Bf8 12.Nf3 a5 13.a3 a4 14.g4 Bg6 15.Nh2 Nc5 16.Ng3 dxe4
17.dxe4 Ne6 18.h4 h6 19.Bf3 Nd4 20.Bd1 Nd7 21.g5 hxg5 22.Bxg5  1-0

[Event "VI Open"]
[Site "Lisbon POR"]
[Date "2000.11.25"]
[Round "8"]
[White "Frois,A"]
[Black "Dominguez,L"]
[Result "0-1"]
[WhiteElo "2346"]
[BlackElo "2534"]

1.Nf3 d5 2.g3 Nf6 3.Bg2 c6 4.O-O Bg4 5.d3 Nbd7 6.c4 e6 7.Be3 Bd6 8.Qb3 Qb8
9.cxd5 exd5 10.Nc3 O-O 11.Rfe1 Re8 12.Rac1 h6 13.Na4 Bxg3 14.hxg3 Rxe3 15.fxe3 Qxg3
16.Rf1 Bh3 17.Nh4 Ng4  0-1